[Event "25th Czech Open A 2014"]
[Site "Pardubice CZE"]
[Date "2014.07.21"]
[Round "4.88"]
[White "Majer, Jiri"]
[Black "Srienz, Christian"]
[Result "1/2-1/2"]
[WhiteTitle "FM"]
[BlackTitle "FM"]
[WhiteElo "2172"]
[BlackElo "2267"]
[WhiteFideId "307564"]
[BlackFideId "1603175"]
[EventDate "2014.07.18"]

1. d4 Nf6 2. Nf3 c5 3. e3 g6 4. b3 Bg7 5. Bb2 O-O 6. Be2 cxd4 7. Nxd4 d5 8. O-O
Re8 9. c4 dxc4 10. Bxc4 Bg4 11. Be2 Bxe2 12. Qxe2 Nbd7 1/2-1/2

[Event "25th Czech Open A 2014"]
[Site "Pardubice CZE"]
[Date "2014.07.21"]
[Round "4.89"]
[White "Rous, Daniel"]
[Black "Pagerka, Martin"]
[Result "0-1"]
[WhiteElo "2160"]
[BlackElo "2265"]
[WhiteFideId "338150"]
[BlackFideId "14911230"]
[EventDate "2014.07.18"]

1. d4 Nf6 2. Nf3 g6 3. g3 Bg7 4. Bg2 O-O 5. O-O d6 6. c4 Nbd7 7. Nc3 c6 8. e4 e5
9. d5 Nc5 10. Bg5 h6 11. Bxf6 Qxf6 12. b4 Nd7 13. Qd3 c5 14. a3 Qd8 15. h4 b6
16. b5 Nf6 17. a4 Nh5 18. Nh2 f5 19. Ra3 f4 20. Ne2 Rb8 21. a5 Rb7 22. axb6 axb6
23. Ra8 Qe7 24. Bf3 Ra7 25. Ra1 Rxa1+ 26. Rxa1 Nf6 27. Nc3 h5 28. Nb1 Bh6 29.
Nd2 Qg7 30. Bg2 g5 31. hxg5 Qxg5 32. Ndf1 Qg6 33. Ra3 Kh8 34. Nd2 Rg8 35. Ndf1
h4 36. Qf3 fxg3 37. fxg3 Nh5 38. gxh4 Nf4 39. Ra2 Qf6 40. Kh1 Qxh4 41. Rf2 Bd7
42. Ra2 Bg4 43. Qg3 Qh5 44. Ne3 Be2 45. Qe1 Nxg2 46. Nxg2 Bf3 47. Kg1 Bd1 48.
Rf2 Bf4 49. Nf1 Rg6 50. Ra2 Bf3 51. Rf2 Rh6 52. Rxf3 Qxf3 53. Qa1 Rg6 54. Qa8+
Rg8 55. Qa2 Qxe4 56. Qf2 Qd4 57. Qxd4 cxd4 58. Kf2 Bh6 0-1

[Event "25th Czech Open A 2014"]
[Site "Pardubice CZE"]
[Date "2014.07.21"]
[Round "4.90"]
[White "Meissner, Felix"]
[Black "Vokoun, Jan"]
[Result "1/2-1/2"]
[WhiteTitle "FM"]
[BlackTitle "FM"]
[WhiteElo "2263"]
[BlackElo "2195"]
[WhiteFideId "24671827"]
[BlackFideId "301647"]
[EventDate "2014.07.18"]

1. e4 c5 2. Nf3 Nc6 3. d4 cxd4 4. Nxd4 Qb6 5. Nb3 Nf6 6. Nc3 e6 7. a3 a6 8. Bf4
e5 9. Be3 Qc7 10. Nd5 Nxd5 11. exd5 Nb8 12. c4 d6 13. Rc1 b6 14. Bd3 g6 15. Qd2
f5 16. f4 Nd7 17. O-O Bg7 18. Kh1 O-O 19. Qf2 Rb8 20. fxe5 Nxe5 21. Be2 f4 22.
Bd4 g5 23. Bxe5 Bxe5 24. Nd4 Rb7 25. Rcd1 Qf7 26. Ne6 Bxe6 27. dxe6 Qf6 28. Bf3
Rbb8 29. b3 Kh8 30. Bg4 Rfc8 31. Rd3 b5 32. Qa7 bxc4 33. bxc4 Ra8 34. Qb7 Qg7
35. Bf3 Rab8 36. Qxa6 g4 37. Bd5 Rc7 38. Rb3 Re8 39. Bc6 Rf8 40. Rb7 f3 41. Rxc7
Qh6 42. h3 gxh3 43. gxf3 Qd2 44. Rxh7+ Kxh7 45. Qa7+ Kg6 46. Qf2 Qxf2 47. Rxf2
Kf6 48. f4 Kxe6 49. Bd5+ Ke7 50. Rf3 Rxf4 51. Rxh3 Rf1+ 52. Kg2 Ra1 53. Rb3 Bd4
54. Bc6 Bc5 55. a4 Ra2+ 56. Kg3 Ra3 57. Rxa3 Bxa3 58. a5 Kd8 59. a6 Bc5 60. Kf4
Kc7 61. Bb7 Ba7 62. Ke4 Bc5 63. Kd3 Kb6 64. Ke4 Kc7 65. Kd5 Ba7 66. Ke6 Bc5 67.
Kf7 Ba7 68. Ke8 Bc5 1/2-1/2

[Event "25th Czech Open A 2014"]
[Site "Pardubice CZE"]
[Date "2014.07.21"]
[Round "4.91"]
[White "Pekar, Vaclav"]
[Black "Sanders, Isaac B"]
[Result "0-1"]
[WhiteElo "2141"]
[BlackElo "2262"]
[WhiteFideId "323799"]
[BlackFideId "417661"]
[EventDate "2014.07.18"]

1. e4 e6 2. d4 d5 3. Nd2 Nc6 4. Ngf3 Nf6 5. e5 Nd7 6. Be2 f6 7. exf6 Qxf6 8. Nf1
Bd6 9. Ne3 O-O 10. O-O Nb6 11. c4 Nxc4 12. Nxc4 dxc4 13. Bxc4 Kh8 14. Bg5 Qg6
15. Bh4 e5 16. Bg3 exd4 17. Nxd4 Bxg3 18. fxg3 Bg4 19. Nf3 Rad8 20. Qc1 Bxf3 21.
gxf3 Nd4 22. Qc3 Qc6 23. f4 b5 24. Bd3 Nf3+ 0-1

[Event "25th Czech Open A 2014"]
[Site "Pardubice CZE"]
[Date "2014.07.21"]
[Round "4.92"]
[White "Rodionova, Polina"]
[Black "Pfretzschner, Roland"]
[Result "1-0"]
[WhiteTitle "WFM"]
[BlackTitle "FM"]
[WhiteElo "2138"]
[BlackElo "2256"]
[WhiteFideId "24102555"]
[BlackFideId "4612086"]
[EventDate "2014.07.18"]

1. e4 c5 2. Nf3 e6 3. d4 cxd4 4. Nxd4 a6 5. Bd3 Bc5 6. Nb3 Ba7 7. Qe2 d6 8. c4
Nc6 9. Be3 Nf6 10. O-O O-O 11. Nc3 Bxe3 12. Qxe3 b6 13. Rfd1 Qc7 14. Rac1 Qb8
15. a4 Rd8 16. Bb1 e5 17. Qg5 Nd7 18. Nd5 f6 19. Qh4 Nc5 20. Rc3 Rf8 21. Rg3 Kh8
22. Nc1 Ra7 23. Ne2 Ne6 24. f4 Raf7 25. Rb3 Rb7 26. f5 Ng5 27. Qg4 b5 28. Rg3 h6
29. h4 Nh7 30. cxb5 axb5 31. axb5 Qa7+ 32. b6 Qa5 33. Rc1 Qb5 34. Kh2 Rff7 35.
Rgc3 Bd7 36. Bd3 Qxb2 37. Rxc6 Bxc6 38. Rxc6 Qa3 39. Bc4 Nf8 40. Rc8 Kh7 41. Nc7 1-0

[Event "25th Czech Open A 2014"]
[Site "Pardubice CZE"]
[Date "2014.07.22"]
[Round "5.1"]
[White "Biolek, Richard Jr."]
[Black "Arun Prasad, S."]
[Result "0-1"]
[WhiteTitle "IM"]
[BlackTitle "GM"]
[WhiteElo "2429"]
[BlackElo "2472"]
[WhiteFideId "319996"]
[BlackFideId "5011167"]
[EventDate "2014.07.18"]

1. d4 Nf6 2. c4 e6 3. g3 c5 4. d5 exd5 5. cxd5 d6 6. Nc3 g6 7. Nf3 Bg7 8. Bg2
O-O 9. O-O Re8 10. Nd2 a6 11. a4 Nbd7 12. Nc4 Ne5 13. Na3 Nh5 14. h3 f5 15. e4
b5 16. axb5 axb5 17. Ncxb5 Ba6 18. Nc3 Bxf1 19. Qxf1 Nf6 20. exf5 gxf5 21. Rb1
Rb8 22. Bf4 Ng6 23. Bd2 f4 24. Nc4 Qd7 25. Qd3 fxg3 26. fxg3 Ne5 27. Nxe5 Rxe5
28. Bf4 Re7 29. g4 Rb4 30. Bg5 Qe8 31. Rf1 Re1 32. Qf5 Nd7 33. Rxe1 Qxe1+ 34.
Bf1 Nf8 35. Qc2 Qg3+ 36. Kh1 Bd4 37. Ne2 Qf2 38. Qf5 Qxf5 39. gxf5 Be5 40. Bc1
Nd7 41. Kg2 Nf6 42. Nc3 Kf7 43. Be2 Bf4 44. Bxf4 Rxf4 45. b3 Rxf5 46. Kg3 Ke7
47. Bc4 h6 48. Kg2 Rg5+ 49. Kf2 h5 0-1

[Event "25th Czech Open A 2014"]
[Site "Pardubice CZE"]
[Date "2014.07.22"]
[Round "5.2"]
[White "Nisipeanu, Liviu-Dieter"]
[Black "Nagy, Gabor1"]
[Result "1-0"]
[WhiteTitle "GM"]
[BlackTitle "IM"]
[WhiteElo "2686"]
[BlackElo "2434"]
[WhiteFideId "1202758"]
[BlackFideId "737119"]
[EventDate "2014.07.18"]

1. Nf3 Nf6 2. c4 c5 3. Nc3 Nc6 4. g3 d5 5. cxd5 Nxd5 6. Bg2 Nc7 7. O-O e5 8. a3
Rb8 9. d3 Be7 10. Be3 O-O 11. Rc1 Bd7 12. Ne4 b6 13. b4 cxb4 14. axb4 Nb5 15.
Rc4 Rc8 16. Qa4 Nbd4 17. Bxd4 Nxd4 18. Qxa7 Ra8 19. Qb7 Nxe2+ 20. Kh1 Rb8 21.
Qa7 Ra8 22. Qb7 Rb8 23. Qa7 Ra8 24. Qc7 Bb5 25. Nxe5 Bxc4 26. Qxc4 Rc8 27. Nc6
b5 28. Qd5 Rxc6 29. Qxc6 Qxd3 30. Nc5 Qc4 31. Nd7 Rc8 32. Qb7 Rc7 33. Qa8+ Rc8
34. Qb7 Rc7 35. Qa8+ Rc8 36. Qa6 Rd8 37. Ne5 Qc8 38. Qa2 Qe6 39. Qxe2 f6 40.
Qxb5 Qxe5 41. Qc6 h5 42. b5 Rd6 43. Qc4+ Kh7 44. Qc2+ f5 45. Qb1 Bd8 46. Re1 Qc5
47. f4 Bf6 48. Rc1 Qe3 49. Qxf5+ g6 50. Qc8 Rd2 51. Qb7+ Kh6 52. Qf3 Qd4 53. Rb1
Bd8 54. f5 Rf2 55. Rd1 Qb2 56. Qd5 Qe2 57. Rg1 Qd2 58. fxg6 Qxd5 59. Bxd5 Kxg6
60. Rb1 Bb6 61. Rc1 Kf5 62. Rc4 Rf1+ 63. Kg2 Rf2+ 64. Kh3 Rb2 65. Rh4 Bg1 66.
Rxh5+ Kg6 67. Re5 Rxh2+ 68. Kg4 Rb2 69. Re1 Bf2 70. Rb1 Rd2 71. Be4+ Kf6 72. b6
Ke5 73. b7 Ba7 74. b8=Q+ Bxb8 75. Rxb8 1-0

[Event "25th Czech Open A 2014"]
[Site "Pardubice CZE"]
[Date "2014.07.22"]
[Round "5.3"]
[White "Nakar, Eylon"]
[Black "Haba, Petr"]
[Result "1/2-1/2"]
[WhiteTitle "IM"]
[BlackTitle "GM"]
[WhiteElo "2419"]
[BlackElo "2502"]
[WhiteFideId "2811111"]
[BlackFideId "300160"]
[EventDate "2014.07.18"]

1. e4 e5 2. Nf3 Nf6 3. Nxe5 d6 4. Nf3 Nxe4 5. Nc3 Nxc3 6. dxc3 Be7 7. Be3 Nc6 8.
Qd2 Be6 9. O-O-O Qd7 10. Kb1 h6 11. h3 a6 12. b3 O-O-O 13. g3 Bf6 14. Bg2 Kb8
15. Ne1 Ne7 1/2-1/2

[Event "25th Czech Open A 2014"]
[Site "Pardubice CZE"]
[Date "2014.07.22"]
[Round "5.4"]
[White "Venkatesh, M.R."]
[Black "Kanmazalp, Ogulcan"]
[Result "1/2-1/2"]
[WhiteTitle "GM"]
[BlackTitle "IM"]
[WhiteElo "2498"]
[BlackElo "2412"]
[WhiteFideId "5005779"]
[BlackFideId "6304990"]
[EventDate "2014.07.18"]

1. e4 c5 2. Nc3 Nc6 3. f4 e6 4. Nf3 d5 5. exd5 exd5 6. Bb5 Nf6 7. Ne5 Qd6 8. b3
Be7 9. Ba3 O-O 10. Bxc6 bxc6 11. Na4 Nd7 12. Qe2 Nxe5 13. Bxc5 Bh4+ 14. g3 Qh6
15. O-O-O Bg4 16. Qxe5 Rfe8 17. Qc7 Bxd1 18. gxh4 Bf3 19. Rf1 Qf6 20. Nc3 Bh5
21. Rg1 d4 22. Na4 Bg6 23. d3 Qxh4 24. Bxd4 Rac8 25. Qxa7 Qxf4+ 26. Kb1 Qxh2 27.
Bc3 c5 28. Rg5 c4 29. Qd4 f6 30. bxc4 Red8 31. Rd5 Rb8+ 32. Nb6 Rxd5 33. Qxd5+
Bf7 34. Qc5 Qh1+ 35. Kb2 Qb7 36. Bd4 h5 37. Qd6 h4 38. c5 Qa7 39. Kc1 Qa3+ 40.
Bb2 Qa7 41. Bd4 1/2-1/2

[Event "25th Czech Open A 2014"]
[Site "Pardubice CZE"]
[Date "2014.07.22"]
[Round "5.5"]
[White "Kerigan, Demre"]
[Black "Pavlidis, Antonios"]
[Result "0-1"]
[WhiteTitle "FM"]
[BlackTitle "IM"]
[WhiteElo "2318"]
[BlackElo "2479"]
[WhiteFideId "6307841"]
[BlackFideId "4212312"]
[EventDate "2014.07.18"]

1. e4 c5 2. Nf3 d6 3. d4 cxd4 4. Nxd4 Nf6 5. Nc3 a6 6. h3 e6 7. g4 Nfd7 8. Bg2
Be7 9. Be3 Nc6 10. Qe2 Nxd4 11. Bxd4 O-O 12. O-O-O Rb8 13. e5 d5 14. f4 b5 15.
Qe3 b4 16. Ne2 Nb6 17. b3 a5 18. h4 a4 19. Kb1 Qc7 20. Rdf1 Ba6 21. f5 Rfc8 22.
Rc1 Bxe2 23. Qxe2 Bc5 24. Qe3 Nd7 25. Rhe1 Bxd4 26. Qxd4 Qa5 27. f6 Ra8 28. Re2
axb3 29. cxb3 Rxc1+ 30. Kxc1 Rc8+ 31. Kb1 Qc7 32. Qd2 Nxe5 33. Qg5 Ng6 34. Qe3
Nf4 0-1

[Event "25th Czech Open A 2014"]
[Site "Pardubice CZE"]
[Date "2014.07.22"]
[Round "5.6"]
[White "Poetsch, Hagen"]
[Black "Saiyn, Zhanat"]
[Result "1-0"]
[WhiteTitle "IM"]
[BlackTitle "FM"]
[WhiteElo "2477"]
[BlackElo "2399"]
[WhiteFideId "24615137"]
[BlackFideId "13703820"]
[EventDate "2014.07.18"]

1. e4 c5 2. Nf3 e6 3. d4 cxd4 4. Nxd4 Nc6 5. Nc3 Qc7 6. Be3 a6 7. Qd2 Nf6 8.
O-O-O Be7 9. f4 b5 10. e5 b4 11. Ncb5 axb5 12. Nxb5 Qa5 13. exf6 gxf6 14. Nd6+
Bxd6 15. Qxd6 Qxa2 16. Rd3 Qa1+ 17. Kd2 Qb1 18. g3 Qxb2 19. Rb3 Qa2 20. Bb5 Ne7
21. Bc5 Nf5 22. Qc7 h5 23. Rd3 Qa7 24. Bxa7 O-O 25. Rg1 1-0

[Event "25th Czech Open A 2014"]
[Site "Pardubice CZE"]
[Date "2014.07.22"]
[Round "5.7"]
[White "Simacek, Pavel"]
[Black "Vavulin, Maksim"]
[Result "0-1"]
[WhiteTitle "IM"]
[BlackTitle "IM"]
[WhiteElo "2470"]
[BlackElo "2393"]
[WhiteFideId "307165"]
[BlackFideId "4169530"]
[EventDate "2014.07.18"]

1. e4 e5 2. Nf3 Nc6 3. Bb5 a6 4. Ba4 Nf6 5. O-O Be7 6. Bxc6 dxc6 7. d3 Nd7 8.
Nbd2 c5 9. Nc4 Bf6 10. b3 O-O 11. Bb2 Re8 12. a4 g6 13. h3 Bg7 14. Nh2 Nf8 15.
Qd2 f6 16. f4 exf4 17. Qxf4 Ne6 18. Qf2 Nd4 19. b4 f5 20. e5 Be6 21. bxc5 Nc6
22. Ne3 Nxe5 23. Rab1 Ba2 24. Rbe1 Qd7 25. Nd1 Qxa4 26. Qg3 Nf7 27. Bxg7 Kxg7
28. Ne3 Qd4 29. c3 Qxc3 30. Nxf5+ Kh8 31. Ne7 Qxc5+ 32. d4 Qxd4+ 33. Kh1 Nd6 34.
Qg5 Qg7 35. Ng4 Rf8 36. Rxf8+ Rxf8 37. Qa5 Re8 38. Qxc7 Nf5 39. Qxb7 Rxe7 40.
Rxe7 Nxe7 41. Qxa6 Bg8 42. Qd3 Nf5 43. Qd8 Qd4 44. Qf8 Qd1+ 0-1

[Event "25th Czech Open A 2014"]
[Site "Pardubice CZE"]
[Date "2014.07.22"]
[Round "5.8"]
[White "Vorobiov, Evgeny E."]
[Black "Garcia Roman, Daniel"]
[Result "1-0"]
[WhiteTitle "GM"]
[BlackTitle "IM"]
[WhiteElo "2591"]
[BlackElo "2379"]
[WhiteFideId "4121341"]
[BlackFideId "2215870"]
[EventDate "2014.07.18"]

1. Nf3 Nf6 2. c4 e6 3. Nc3 d5 4. d4 dxc4 5. e4 Bb4 6. Bg5 c5 7. e5 cxd4 8. Nxd4
Bxc3+ 9. bxc3 Qa5 10. exf6 Qxg5 11. fxg7 Qxg7 12. Qf3 O-O 13. Bxc4 Nd7 14. Be2
Nc5 15. Qe3 b6 16. O-O Bb7 17. Bf3 Bxf3 18. Nxf3 Rad8 19. Rad1 Qf6 20. Rd4 Rxd4
21. cxd4 Nd7 22. Rc1 Rd8 23. h3 Nf8 24. Ne5 Ng6 25. Rc7 Nxe5 26. dxe5 Qg6 27.
Rxa7 b5 28. Kh2 Rd5 29. a4 Qf5 30. Qg3+ Qg6 31. Qa3 Kg7 32. Ra8 Rxe5 33. Qf8+
Kf6 34. Qd8+ Kf5 35. axb5 Rd5 36. Qh4 h5 37. b6 Rb5 38. Rh8 1-0

[Event "25th Czech Open A 2014"]
[Site "Pardubice CZE"]
[Date "2014.07.22"]
[Round "5.9"]
[White "Vajda, Levente"]
[Black "Chandra, Akshat"]
[Result "1-0"]
[WhiteTitle "GM"]
[BlackTitle "IM"]
[WhiteElo "2569"]
[BlackElo "2442"]
[WhiteFideId "1203975"]
[BlackFideId "25006711"]
[EventDate "2014.07.18"]

1. e4 c5 2. c3 Nf6 3. e5 Nd5 4. d4 cxd4 5. Nf3 e6 6. cxd4 d6 7. Bc4 Be7 8. O-O
O-O 9. Qe2 b6 10. Nbd2 Bb7 11. Ne4 dxe5 12. dxe5 Nd7 13. Bd2 Nc5 14. Ng3 Rc8 15.
a4 a5 16. b3 Nc7 17. Rfd1 Bd5 18. Be3 Qe8 19. Bxc5 Bxc5 20. Ng5 h6 21. N5e4 Bxe4
22. Nxe4 Qe7 23. Rd6 Bb4 24. Rxb6 Rfd8 25. Rb7 Qd7 26. Qe3 Qd4 27. Qxd4 Rxd4 28.
Nd6 Bxd6 29. exd6 Rxd6 30. Ra7 Nd5 31. Rxa5 Nc3 32. f3 Nd1 33. Re5 Nb2 34. Bf1
Rb8 35. Rb5 Rc8 36. a5 1-0

[Event "25th Czech Open A 2014"]
[Site "Pardubice CZE"]
[Date "2014.07.22"]
[Round "5.10"]
[White "Simantsev, Mikhail"]
[Black "Baryshpolets, Andrey"]
[Result "1/2-1/2"]
[WhiteTitle "GM"]
[BlackTitle "GM"]
[WhiteElo "2434"]
[BlackElo "2546"]
[WhiteFideId "14104555"]
[BlackFideId "14117207"]
[EventDate "2014.07.18"]

1. d4 d5 2. c4 e6 3. Nc3 Nf6 4. Nf3 Be7 5. Bf4 O-O 6. e3 b6 7. cxd5 Nxd5 8. Nxd5
Qxd5 9. Bd3 Qa5+ 10. Ke2 c5 11. Qc2 Ba6 12. dxc5 Rd8 13. Rhd1 Rxd3 14. Rxd3 Nd7
15. Kd1 Bxd3 16. Qxd3 Rd8 17. Qc3 Nxc5+ 18. Ke1 Qa6 19. Ne5 Bf6 20. Qc4 Qxc4 21.
Nxc4 b5 22. Na5 Bxb2 23. Nc6 Bxa1 24. Nxd8 Nd3+ 25. Kd2 Nxf2 26. Nc6 a6 27. Bc7
Ne4+ 28. Kc2 Nf6 29. Kd3 Nd7 30. Nb4 Nc5+ 31. Kc2 f6 32. Bb6 Nd7 33. Bc7 Nc5 34.
Bb6 Nd7 35. Bc7 a5 36. Bxa5 Be5 37. h3 Bd6 38. Nc6 Bc5 39. Kd3 e5 40. Bb4 Bxb4
41. Nxb4 Nc5+ 42. Kc3 Ne4+ 43. Kb3 Nc5+ 44. Kc3 Ne4+ 1/2-1/2

[Event "25th Czech Open A 2014"]
[Site "Pardubice CZE"]
[Date "2014.07.22"]
[Round "5.11"]
[White "Stocek, Jiri"]
[Black "Mammadov, Zaur"]
[Result "1/2-1/2"]
[WhiteTitle "GM"]
[BlackTitle "IM"]
[WhiteElo "2545"]
[BlackElo "2441"]
[WhiteFideId "304760"]
[BlackFideId "13401033"]
[EventDate "2014.07.18"]

1. c4 c6 2. d4 d5 3. Nf3 Nf6 4. Nc3 e6 5. Bg5 Nbd7 6. e3 Qa5 7. Nd2 Bd6 8. a3
O-O 9. b4 Qd8 10. c5 Bc7 11. f4 b6 12. Bd3 a5 13. O-O Ba6 14. Nf3 Qc8 15. Ne5
Bxd3 16. Qxd3 Nxe5 17. fxe5 Nd7 18. e4 axb4 19. axb4 bxc5 20. bxc5 Ba5 21. exd5
exd5 22. Ne2 Bd8 23. Bf4 Re8 24. Ng3 Rxa1 25. Rxa1 g6 26. Bh6 Nf8 27. Rf1 Ne6
28. h3 Qb7 29. Ne2 Bg5 30. Bxg5 Nxg5 31. Qe3 Ne6 32. Nf4 Ng7 33. Qd3 Rb8 34. Qf3 1/2-1/2

[Event "25th Czech Open A 2014"]
[Site "Pardubice CZE"]
[Date "2014.07.22"]
[Round "5.12"]
[White "Rojicek, Vojtech"]
[Black "Gopal, G.N."]
[Result "1/2-1/2"]
[WhiteTitle "IM"]
[BlackTitle "GM"]
[WhiteElo "2433"]
[BlackElo "2544"]
[WhiteFideId "319902"]
[BlackFideId "5015693"]
[EventDate "2014.07.18"]

1. e4 c5 2. Nf3 d6 3. d4 cxd4 4. Nxd4 Nf6 5. Nc3 a6 6. Be2 e5 7. Nb3 Be7 8. O-O
O-O 9. Kh1 b6 10. Bg5 Nbd7 11. a4 Bb7 12. Qd3 Rc8 13. f3 Qc7 14. Rad1 Rfd8 15.
Qe3 h6 16. Bxf6 Nxf6 17. Nc1 Bf8 18. Rd2 Rd7 19. Rfd1 Rcd8 20. Qf2 d5 21. Nxd5
Nxd5 22. exd5 Rxd5 23. Rxd5 Rxd5 24. Rxd5 Bxd5 25. Bxa6 e4 26. fxe4 Bxe4 27. Bd3
Bc6 28. Ne2 Bxa4 29. Nc3 Bc6 30. Be4 Be8 31. Nd5 Qe5 32. Qf5 Qxf5 33. Bxf5 Bc5
34. b4 Bf2 35. g3 Bc6 36. Be4 Kf8 37. Kg2 Bd4 38. c3 Be5 39. c4 g6 40. g4 Bd6
41. Bf3 Bxd5 42. Bxd5 Bxb4 43. h3 Ke7 44. Kf3 f5 45. gxf5 gxf5 46. Bg8 Kf6 47.
Bd5 Bd6 48. Bg8 Ke5 49. Bf7 Bc7 50. Bg8 Kd4 51. Bf7 Bd6 52. Bg8 f4 53. Bf7 Kd3
54. Bd5 Kd4 55. Bg8 Kc3 56. Bf7 Kd2 57. Be6 Kd3 1/2-1/2

[Event "25th Czech Open A 2014"]
[Site "Pardubice CZE"]
[Date "2014.07.22"]
[Round "5.13"]
[White "D'Costa, Lorin A R"]
[Black "Saric, Ante"]
[Result "1/2-1/2"]
[WhiteTitle "IM"]
[BlackTitle "GM"]
[WhiteElo "2421"]
[BlackElo "2536"]
[WhiteFideId "409219"]
[BlackFideId "14506254"]
[EventDate "2014.07.18"]

1. c4 e6 2. g3 d5 3. Bg2 dxc4 4. Nf3 a6 5. O-O b5 6. Ne5 Ra7 7. a4 Bb7 8. axb5
Bxg2 9. Kxg2 Qd5+ 10. Nf3 Qxb5 11. Qa4 Nc6 12. Nc3 Qxa4 1/2-1/2

[Event "25th Czech Open A 2014"]
[Site "Pardubice CZE"]
[Date "2014.07.22"]
[Round "5.14"]
[White "Shalimov, Valery"]
[Black "Megaranto, Susanto"]
[Result "1-0"]
[WhiteTitle "IM"]
[BlackTitle "GM"]
[WhiteElo "2412"]
[BlackElo "2532"]
[WhiteFideId "14104881"]
[BlackFideId "7101384"]
[EventDate "2014.07.18"]

1. d4 d5 2. Nf3 Nf6 3. c4 dxc4 4. e3 a6 5. Bxc4 b5 6. Bd3 Bb7 7. a4 b4 8. Qe2 e6
9. O-O c5 10. dxc5 Bxc5 11. Rd1 Nbd7 12. b3 O-O 13. Bb2 Qe7 14. Nbd2 Rfd8 15.
Rac1 a5 16. Ng5 Bd6 17. Nde4 Nxe4 18. Bxe4 Nf8 19. Bxb7 Qxb7 20. Qf3 Qxf3 21.
Nxf3 f6 22. Bd4 Ra6 23. Kf1 Kf7 24. Ke2 Nd7 25. e4 Bf4 26. Be3 Bxe3 27. Kxe3 e5
28. Rd5 Ra7 29. Nd2 Rda8 30. Rc6 Nf8 31. Nc4 Ne6 32. Nd6+ Kf8 33. Nb5 Ra6 34.
Rc4 Rd8 35. Nc7 Rxd5 36. exd5 Nxc7 37. Rxc7 f5 38. Kd3 Rg6 39. g3 Rg4 40. Rc5
Rd4+ 41. Ke3 Ke7 42. Rxa5 Kd6 43. Rb5 g5 44. f3 f4+ 45. gxf4 gxf4+ 46. Ke2 e4
47. fxe4 Ke5 48. Rb8 Rxe4+ 49. Kf2 Kxd5 50. a5 Kc5 51. a6 Re7 52. Rb7 Re6 53. a7
Ra6 54. Rxh7 Kd4 55. Rc7 Ra3 56. h4 Ke4 57. Rc4+ Kf5 58. Rxb4 Rxa7 59. Kf3 Ra1
60. Rb5+ Kg6 61. h5+ Kh6 62. Kxf4 Re1 63. b4 Re2 64. Rc5 Re1 65. b5 Re2 66. Re5 1-0

[Event "25th Czech Open A 2014"]
[Site "Pardubice CZE"]
[Date "2014.07.22"]
[Round "5.15"]
[White "Krejci, Jan2"]
[Black "Kohlweyer, Bernd"]
[Result "1/2-1/2"]
[WhiteTitle "GM"]
[BlackTitle "IM"]
[WhiteElo "2528"]
[BlackElo "2422"]
[WhiteFideId "322156"]
[BlackFideId "4600622"]
[EventDate "2014.07.18"]

1. d4 Nf6 2. c4 e6 3. Nf3 d5 4. Nc3 c5 5. cxd5 Nxd5 6. e4 Nxc3 7. bxc3 cxd4 8.
cxd4 Bb4+ 9. Bd2 Bxd2+ 10. Qxd2 O-O 11. Bc4 Nd7 12. O-O b6 13. a4 Bb7 14. Bd3 e5
15. d5 Nc5 16. Qe3 Nxd3 17. Qxd3 f5 18. Rad1 fxe4 19. Qxe4 Qd6 20. Ng5 Qg6 21.
Qxg6 hxg6 22. Rfe1 Rf5 23. Ne6 Re8 24. g4 Rf7 25. Rxe5 Bc8 26. Rde1 Bxe6 27.
dxe6 Rf4 28. h3 Rxa4 29. Rd1 Rc4 30. Rd6 Rc7 31. Rd7 Rc6 32. Rxa7 Rcxe6 33. Rb5
R6e7 34. Rxe7 Rxe7 35. Rxb6 Kh7 36. Kg2 Re4 37. Kf3 Ra4 38. h4 Rc4 39. Re6 Ra4
40. Re4 Ra2 41. Kg3 Rb2 42. f3 Rb3 43. Kf4 Ra3 44. Re6 Rb3 45. g5 Rb1 46. Re4
Rf1 47. Ra4 Rh1 48. Kg3 Rg1+ 49. Kf2 Rh1 50. Kg2 Rb1 51. Ra8 Rc1 52. Rf8 Ra1 53.
f4 Ra2+ 54. Kg3 Ra3+ 55. Kg4 Rg3+ 56. Kxg3 1/2-1/2

[Event "25th Czech Open A 2014"]
[Site "Pardubice CZE"]
[Date "2014.07.22"]
[Round "5.16"]
[White "Farid, Firman Syah"]
[Black "Chernyshov, Konstantin"]
[Result "1/2-1/2"]
[WhiteTitle "IM"]
[BlackTitle "GM"]
[WhiteElo "2401"]
[BlackElo "2508"]
[WhiteFideId "7102526"]
[BlackFideId "4117328"]
[EventDate "2014.07.18"]

1. d4 f5 2. Nf3 Nf6 3. c4 e6 4. e3 Bb4+ 5. Nbd2 b6 6. a3 Bxd2+ 7. Qxd2 Bb7 8.
Be2 Ne4 9. Qc2 d6 10. b4 a5 11. Bb2 O-O 12. O-O Nd7 13. d5 e5 14. Bd3 c6 15.
dxc6 Bxc6 16. Nd2 Nxd2 17. Qxd2 Qh4 18. f4 Rf6 19. fxe5 Nxe5 20. Bxe5 dxe5 21.
Bxf5 Qxc4 22. Rac1 Qd5 23. Qc2 Kh8 24. Bxh7 Rxf1+ 25. Rxf1 axb4 26. axb4 g5 27.
Rd1 Qxg2+ 28. Qxg2 Bxg2 29. Kxg2 Kxh7 30. Rd5 Ra2+ 31. Kg3 Re2 32. Rxe5 Kg6 33.
h3 Kf6 34. Re8 Kf5 35. Rf8+ Kg6 36. Re8 Kf5 37. e4+ Kf6 38. b5 Re1 39. Rf8+ Kg6
40. Re8 Kf6 41. Rf8+ Kg6 42. Rg8+ Kf6 43. Rb8 Rxe4 44. Rxb6+ Kf5 45. Rh6 Rb4 46.
b6 Rb3+ 47. Kf2 Ke4 48. Rg6 Rxh3 49. Rxg5 Rb3 1/2-1/2

[Event "25th Czech Open A 2014"]
[Site "Pardubice CZE"]
[Date "2014.07.22"]
[Round "5.17"]
[White "Potapov, Alexander1"]
[Black "Kislinsky, Alexey"]
[Result "1/2-1/2"]
[WhiteTitle "GM"]
[BlackTitle "GM"]
[WhiteElo "2399"]
[BlackElo "2491"]
[WhiteFideId "4115074"]
[BlackFideId "14108801"]
[EventDate "2014.07.18"]

1. d4 d6 2. c4 g6 3. Nc3 Bg7 4. e4 Nd7 5. h3 a6 6. Nf3 c6 7. Be3 b5 8. Bd3 Rb8
9. O-O e5 10. d5 cxd5 11. cxd5 Bh6 12. Bxh6 Nxh6 13. Qd2 Ng8 14. b4 Ngf6 15. a4
bxa4 16. Rxa4 O-O 17. Rc1 a5 18. Rxa5 Rxb4 19. Na2 Rb8 20. Ra3 Nc5 21. Nxe5
Ncxe4 22. Bxe4 dxe5 23. Re3 Bd7 24. Qc3 Bf5 25. Bxf5 Nxd5 26. Qxe5 Nxe3 27. Qxe3
gxf5 28. Nc3 f6 29. Qe6+ Kh8 30. Nd5 Rb5 31. Rd1 Qc8 32. Qxc8 Rxc8 33. Nxf6 Rf8
34. Rd6 f4 35. f3 Kg7 36. Ne4 Rb2 37. Kh2 h6 38. Rd2 Rxd2 39. Nxd2 Ra8 40. Ne4
Kg6 41. h4 Ra6 42. Kh3 Kf5 43. Nf2 Ra1 44. Kh2 Ra2 45. Nh3 Ke5 46. Kg1 Ra1+ 47.
Kh2 Ra2 48. Kg1 Kf5 49. Nf2 Rb2 50. Ng4 Rb6 51. Kh2 h5 52. Nf2 Rb2 53. Nh3 Ke5
54. Ng5 Kd4 55. Nh3 Ke3 56. Kg1 Rb1+ 57. Kh2 Ra1 58. Ng5 Ra4 59. Kg1 Ke2 60. Nh3
Rb4 61. Kh2 Kf1 62. Kh1 Ra4 1/2-1/2